000 00876nam a22002297a 4500
008 090306t xxu||||| |||| 00| 0 eng d
010 _aENG-93125
020 _c150.00
035 _aEN-76658
037 _bDBAD / PUB
040 _adpl
_bEnglish
082 _aS
100 _aMangari Rajender ' Zimbo'
245 _aZamanath and other stories /
_cby Mangari Rajender ' Zimbo'; translated from the Telugu by T. Sreenivasa Reddy
260 _aHyderabad
_bProse Poetry Forum
_c2006
270 _a305, Soundarya Residency, St. no. 8, Himayathnagar,
_bHyderabad
_e5000029
300 _a127p.:
_c21cm (pbk)
_bill.
500 _aIncludes glossary.
700 _aReddy, T. Sreenivasa
942 _2ddc
_cEN
_mMAN
_hS
999 _c24978
_d24978